La obra pictórica completa de Durero

Guardado en:
Detalles Bibliográficos
Autores principales: Zampa, Giorgio (Autor), Della Chiesa, Angela Ottino (Autor)
Formato: Libro
Lenguaje:español
Publicado: Barcelona Noguer 1972
Edición:2a. ed
Colección:Clásicos del Arte, 12
Materias:
Etiquetas: Agregar Etiqueta
Sin Etiquetas, Sea el primero en etiquetar este registro!

MARC

LEADER 00000nam a2200000 a 4500
001 UCO4607
003 CL-VaPUC
008 000804e19720000SP |||||||||||||||||spa|d
082 0 4 |a 759.3  |b ZAM  |2 21 
100 0 |a Zampa, Giorgio  |e author  |9 449206 
700 0 |a Della Chiesa, Angela Ottino  |e author  |9 449207 
245 1 3 |a La obra pictórica completa de Durero 
250 |a 2a. ed 
300 |a 120 p 
942 |c BK 
945 |d 20000804 00:00:00  |a crobeson 
260 |a Barcelona  |b Noguer  |c 1972 
600 0 7 |a DURERO, ANTONIO  |2 CL-VaPUC  |9 449208 
650 7 |a PINTORES ALEMANES  |2 CL-VaPUC  |9 341248 
650 7 |a PINTURA ALEMANA  |2 CL-VaPUC  |9 319202 
583 |a last modification  |c 20000804 00:00:00  |k Rodrigo Vera 
490 0 |a Clásicos del Arte, 12 
999 |c 290633  |d 290631 
952 |0 0  |1 0  |4 0  |6 759_300000000000000_ZAM_1972  |7 0  |8 R  |9 340159  |a BIBART  |b BIBART  |d 2019-11-20  |i 1214748  |o 759.3 ZAM 1972  |p 1214748  |r 2025-03-13  |w 2019-11-20  |y BK_R  |k ART